| 000 | 01061cam a22002894a 4500 | ||
|---|---|---|---|
| 001 | 13592926 | ||
| 003 | OSt | ||
| 005 | 20230923144928.0 | ||
| 008 | 040514s2005 enka b 001 0 eng | ||
| 010 | _a 2004051817 | ||
| 020 | _a9789353946791 | ||
| 040 |
_aDLC _cDLC _dDLC |
||
| 042 | _apcc | ||
| 050 | 0 | 0 |
_aQA76.76.E95 _bN445 2004 |
| 082 | 0 | 0 |
_a006.33 _bNEG/A |
| 100 | 1 |
_aNegnevitsky, Michael _99582 |
|
| 245 | 1 | 0 |
_aArtificial intelligence : _ba guide to intelligent systems / _cMichael Negnevitsky. |
| 250 | _a3rd ed. | ||
| 260 |
_aHarlow, England ; _aNew York : _bAddison-Wesley, _c2005. |
||
| 300 |
_a479 p. : _bill. ; _c24 cm. |
||
| 504 | _aIncludes bibliographical references and index. | ||
| 650 | 0 | _aExpert systems (Computer science) | |
| 650 | 0 | _aArtificial intelligence. | |
| 906 |
_a7 _bcbc _corignew _d1 _eocip _f20 _gy-gencatlg |
||
| 942 |
_2ddc _cBK _h006.33 _iNEG/A _k006.33 _mNEG/A |
||
| 999 |
_c42321 _d42321 |
||